ا نو ا ر ا لعلو م جلد -19 (Record no. 94744)

MARC details
000 -LEADER
fixed length control field 00792nam a22002177a 4500
005 - DATE AND TIME OF LATEST TRANSACTION
control field 20150708161946.0
008 - FIXED-LENGTH DATA ELEMENTS--GENERAL INFORMATION
fixed length control field 140714b xxu||||| |||| 00| 0 Urdu d
010 ## - LCCN (DPL NO)
LC control number UR-9179
020 ## - INTERNATIONAL STANDARD BOOK NUMBER
Terms of availability 200.00
International Standard Book Number 9789383882045
035 ## - SYSTEM CONTROL NUMBER
System control number U-7734
037 ## - SOURCE OF ACQUISITION
Source of stock number/acquisition BPPD/Pub/Ven
040 ## - CATALOGING SOURCE
Original cataloging agency DPL
Language of cataloging Urdu
082 ## - DEWEY DECIMAL CLASSIFICATION NUMBER
Classification number 270
100 ## - MAIN ENTRY--PERSONAL NAME
Personal name مر زا بشير ا لد ين محمو د ا حمد
245 ## - TITLE STATEMENT
Title ا نو ا ر ا لعلو م جلد -19
Statement of responsibility, etc مر زا بشير ا لد ين محمو د ا حمد
246 #h - VARYING FORM OF TITLE
Title proper/short title Anwar-ul-Uloom Vol-19
Remainder of title By Hadhrat Mirza Basheeruddin Mehmood Ahmad
260 ## - PUBLICATION, DISTRIBUTION, ETC. (IMPRINT)
Name of publisher, distributor, etc Nazarat Nasherwa Ashat Sader Anjuman
Date of publication, distribution, etc 2014
Place of publication, distribution, etc Punjab
270 ## - ADDRESS
Address Zila Gurudass Pur,,Punjab,
City Punjab
Telephone number -
Postal code 143516
300 ## - PHYSICAL DESCRIPTION
Extent 616+30ص
Dimensions 22Cm (Hb)
942 ## - ADDED ENTRY ELEMENTS (KOHA)
Source of classification or shelving scheme Dewey Decimal Classification
Item type Urdu Bks
Edition
Classification part 270
Call number suffix ب ش ی
Holdings
Withdrawn status Lost status Source of classification or shelving scheme Damaged status Not for loan Collection code Home library Current library Date acquired Source of acquisition Cost, normal purchase price Total Checkouts Full call number Barcode Date last seen Copy number Cost, replacement price Koha item type
    Dewey Decimal Classification   Not For Loan Non-fiction D.B.Act.Division D.B.Act.Division 08/07/2015 DBAD/Pub. 200.00   270 ب ش ی U-7734 08/07/2015 1 200.00 Urdu Bks

© Delhi Public Library
Hit Counter
free hit counter